00206 a2200085 450000100060000004000240000624000340003024500320006465000240009668601 cAnchieta - Itaigara10aConstruções do poder IIl10aConstruções do poder II 4aGeografia e viagens